000 00425 a2200157 4500
022 _a 0972967303
082 _a658.404076
090 _c4954
_d4954
100 _aCrowe, Andy
245 _aThe PMP Exam: How to Pass on Your First Try
_cAndy Crowe
260 _aUSA:
_bVelociteach Press,
_c 2003.
300 _axvii, 386 p. :
_bill. ;
_c26 cm.
500 _aIncludes Index
650 _aManagement.
942 _cBK
_k658.404076 CRO
999 _c8831
_d8831